[Event "DEN-ch blitz Gp2"]
[Site "Svendborg"]
[Date "2019.04.19"]
[Round "7"]
[White "Nordenbaek, Jan"]
[Black "Wiwe, Andreas"]
[Result "0-1"]
[WhiteElo "2247"]
[BlackElo "2304"]
[PlyCount "46"]
[EventDate "2019.04.19"]
[EventType "tourn (blitz)"]
[EventRounds "7"]
[EventCountry "DEN"]
[SourceTitle "EXT 2020"]
[Source "ChessBase"]
[SourceDate "2019.10.17"]
[SourceVersion "1"]
[SourceVersionDate "2019.10.17"]
[SourceQuality "1"]

1. e4 c5 2. Nf3 d6 3. d4 cxd4 4. Nxd4 Nf6 5. Nc3 a6 6. Bg5 Nbd7 7. Bc4 Qc7 8. Bb3 b5 9. Qe2 Bb7 10. 0-0-0 Rc8 11. Kb1 g6 12. f4 Bg7 13. Rhe1 h6 14. Bh4 0-0 15. e5 dxe5 16. fxe5 Nh5 17. Bxe7 Nxe5 18. Bxf8 Rxf8 19. g4 Nf4 20. Qd2 Nc4 21. Bxc4 bxc4 22. Qf2 Rb8 23. b3 cxb3 0-1

[Event "DEN-chT 1516 54th"]
[Site "Denmark"]
[Date "2016.03.05"]
[Round "8.5"]
[White "Reinecker, Kai"]
[Black "Wiwe, Andreas"]
[Result "1-0"]
[WhiteElo "2246"]
[BlackElo "2276"]
[PlyCount "77"]
[EventDate "2015.10.31"]
[EventType "team-tourn"]
[EventRounds "9"]
[EventCountry "DEN"]
[SourceTitle "EXT 2017"]
[Source "ChessBase"]
[SourceDate "2016.10.25"]
[SourceVersion "1"]
[SourceVersionDate "2016.10.25"]
[SourceQuality "1"]
[WhiteTeam "Bov"]
[BlackTeam "Jetsmark"]
[WhiteTeamCountry "DEN"]
[BlackTeamCountry "DEN"]

1. e4 c5 2. c3 Nf6 3. e5 Nd5 4. d4 cxd4 5. cxd4 d6 6. Nf3 e6 7. Nc3 Nxc3 8. bxc3 Qc7 9. Bd2 Nd7 10. Bd3 dxe5 11. 0-0 Bd6 12. Qe2 0-0 13. Rfe1 exd4 14. cxd4 Nf6 15. Rac1 Qd8 16. Ne5 Be7 17. Qf3 Nd5 18. Qh3 f5 19. Nf3 Bd7 20. g4 Rc8 21. gxf5 Rxc1 22. Bxc1 exf5 23. Ne5 Be6 24. Bc4 Qd6 25. Qb3 Rc8 26. Nd3 Bf7 27. Bf4 Nxf4 28. Bxf7+ Kh8 29. Ne5 Qxd4 30. Be6 Rf8 31. Nf7+ Rxf7 32. Bxf7 Nd3 33. Re3 Ne5 34. Qxb7 Nxf7 35. Qxe7 Qd1+ 36. Kg2 Qg4+ 37. Rg3 Qe4+ 38. Qxe4 fxe4 39. Ra3 1-0

[Event "DEN-chT 1516 54th"]
[Site "Denmark"]
[Date "2016.01.09"]
[Round "4.4"]
[White "Wiwe, Andreas"]
[Black "Hoi, Carsten"]
[Result "0-1"]
[WhiteElo "2276"]
[BlackElo "2377"]
[PlyCount "86"]
[EventDate "2015.10.31"]
[EventType "team-tourn"]
[EventRounds "9"]
[EventCountry "DEN"]
[SourceTitle "CBM 170 Extra"]
[Source "ChessBase"]
[SourceDate "2016.02.25"]
[SourceVersion "1"]
[SourceVersionDate "2016.02.25"]
[SourceQuality "1"]
[WhiteTeam "Jetsmark"]
[BlackTeam "Bronshoj"]
[WhiteTeamCountry "DEN"]
[BlackTeamCountry "DEN"]

1. e4 g6 2. d4 Bg7 3. Nc3 d6 4. Be3 Nd7 5. Qd2 Ngf6 6. Nf3 0-0 7. Bd3 e5 8. h3 exd4 9. Bxd4 Ne5 10. Nxe5 dxe5 11. Be3 c6 12. 0-0 Be6 13. Rfd1 Qe7 14. Qe2 Nh5 15. Bc4 Nf4 16. Qf1 b5 17. Bxe6 Nxe6 18. a4 a6 19. Ne2 Qb4 20. f3 Qxb2 21. c4 Qb3 22. Qf2 Rfd8 23. Rdb1 Qxc4 24. Rc1 Qb3 25. Rc3 Qb2 26. Rac1 Nd4 27. Nxd4 Qxf2+ 28. Bxf2 exd4 29. Rxc6 bxa4 30. R6c4 a3 31. Ra4 d3 32. Rd1 Bb2 33. Bc5 Rac8 34. Bxa3 Rc2 35. Bxb2 Rxb2 36. Rxa6 Rc8 37. Rd6 Rcc2 38. g4 Rg2+ 39. Kh1 Rh2+ 40. Kg1 Rbg2+ 41. Kf1 d2 42. Rd3 Re2 43. h4 Re1+ 0-1

[Event "DEN-chT 1516 54th"]
[Site "Denmark"]
[Date "2015.12.06"]
[Round "3.3"]
[White "Wiwe, Andreas"]
[Black "Petersen, Tom Petri"]
[Result "0-1"]
[WhiteElo "2276"]
[BlackElo "2349"]
[PlyCount "74"]
[EventDate "2015.10.31"]
[EventType "team-tourn"]
[EventRounds "9"]
[EventCountry "DEN"]
[SourceTitle "EXT 2018"]
[Source "ChessBase"]
[SourceDate "2017.10.13"]
[SourceVersion "1"]
[SourceVersionDate "2017.10.13"]
[SourceQuality "1"]
[WhiteTeam "Jetsmark"]
[BlackTeam "Nordre"]
[WhiteTeamCountry "DEN"]
[BlackTeamCountry "DEN"]

1. e4 g6 2. d4 Bg7 3. c4 d6 4. Nc3 Nf6 5. Nf3 0-0 6. Be2 e5 7. 0-0 Na6 8. d5 Nc5 9. Qc2 a5 10. Be3 b6 11. Nd2 Ng4 12. Bxg4 Bxg4 13. a3 a4 14. Bxc5 bxc5 15. Nxa4 Bh6 16. f3 Bd7 17. Nc3 Be3+ 18. Kh1 Qh4 19. Rfe1 Bd4 20. Re2 Rab8 21. Rb1 f5 22. b3 f4 23. a4 g5 24. Nb5 Rxb5 25. axb5 Rf6 26. Nf1 g4 27. Rd1 gxf3 28. gxf3 Bh3 29. Rxd4 cxd4 30. Rg2+ Bxg2+ 31. Qxg2+ Rg6 32. Qe2 d3 33. Qd2 Qh3 34. Qf2 Qc8 35. b6 cxb6 36. Qxb6 Qa8 37. Qc7 d2 0-1

[Event "DEN-chT 1516 54th"]
[Site "Denmark"]
[Date "2015.10.31"]
[Round "1"]
[White "Glud, Jakob Vang"]
[Black "Wiwe, Andreas"]
[Result "1/2-1/2"]
[WhiteElo "2535"]
[BlackElo "2276"]
[PlyCount "60"]
[EventDate "2015.10.31"]
[EventType "team-tourn"]
[EventRounds "9"]
[EventCountry "DEN"]
[SourceTitle "CBM 169 Extra"]
[Source "ChessBase"]
[SourceDate "2015.12.18"]
[SourceVersion "1"]
[SourceVersionDate "2015.12.18"]
[SourceQuality "1"]
[WhiteTeam "Philidor"]
[BlackTeam "Jetsmark"]
[WhiteTeamCountry "DEN"]
[BlackTeamCountry "DEN"]

1. c4 e5 2. g3 c6 3. d4 Bb4+ 4. Bd2 Bxd2+ 5. Qxd2 d6 6. Nc3 Nf6 7. Bg2 0-0 8. e3 Be6 9. Rd1 Na6 10. b3 exd4 11. Qxd4 Nb4 12. Qd2 Bf5 13. e4 Re8 14. Nge2 Nxe4 15. Nxe4 Bxe4 16. Bxe4 Rxe4 17. Qxb4 Qe7 18. Rd2 Re8 19. 0-0 c5 20. Qb5 Rxe2 21. Rxe2 Qxe2 22. Qxb7 Qxa2 23. Rd1 g6 24. Rxd6 Re1+ 25. Kg2 Qe2 26. Rd8+ Kg7 27. Rd7 Qf1+ 28. Kf3 Qe2+ 29. Kg2 Qf1+ 30. Kf3 Qe2+ 1/2-1/2

[Event "EU-Cup 31st"]
[Site "Skopje"]
[Date "2015.10.24"]
[Round "7.2"]
[White "Wiwe, Andreas"]
[Black "Makolli, Perparim"]
[Result "1-0"]
[WhiteElo "2276"]
[BlackElo "2204"]
[PlyCount "57"]
[EventDate "2015.10.18"]
[EventType "team-swiss"]
[EventRounds "7"]
[EventCountry "MKD"]
[SourceTitle "CBM 169"]
[Source "ChessBase"]
[SourceDate "2015.11.10"]
[SourceVersion "1"]
[SourceVersionDate "2015.11.10"]
[SourceQuality "1"]
[WhiteTeam "Jetsmark"]
[BlackTeam "Expik"]
[WhiteTeamCountry "DEN"]
[BlackTeamCountry "KOS"]

1. e4 e6 2. d4 d5 3. Nc3 Nf6 4. e5 Nfd7 5. f4 c5 6. Nf3 Nc6 7. Be3 Qb6 8. Na4 Qa5+ 9. c3 cxd4 10. b4 Nxb4 11. cxb4 Bxb4+ 12. Bd2 Bxd2+ 13. Nxd2 b6 14. Bd3 Nc5 15. Nxc5 bxc5 16. 0-0 Bd7 17. f5 exf5 18. Bxf5 Bxf5 19. Rxf5 0-0 20. Nb3 Qb6 21. Rc1 d3 22. Qg4 Rac8 23. Rf6 Qb8 24. e6 Qe5 25. exf7+ Kh8 26. Qxc8 Qe3+ 27. Kh1 Qe7 28. Re6 Qxf7 29. Qxc5 1-0

[Event "EU-Cup 31st"]
[Site "Skopje"]
[Date "2015.10.23"]
[Round "6.2"]
[White "Petrov, Nikita"]
[Black "Wiwe, Andreas"]
[Result "1-0"]
[WhiteElo "2450"]
[BlackElo "2276"]
[PlyCount "101"]
[EventDate "2015.10.18"]
[EventType "team-swiss"]
[EventRounds "7"]
[EventCountry "MKD"]
[SourceTitle "CBM 169"]
[Source "ChessBase"]
[SourceDate "2015.11.10"]
[SourceVersion "1"]
[SourceVersionDate "2015.11.10"]
[SourceQuality "1"]
[WhiteTeam "Geneve"]
[BlackTeam "Jetsmark"]
[WhiteTeamCountry "SUI"]
[BlackTeamCountry "DEN"]

1. Nf3 d5 2. g3 Nf6 3. Bg2 c6 4. c4 Bf5 5. cxd5 cxd5 6. Qb3 Qb6 7. Nc3 e6 8. 0-0 Nc6 9. d3 Be7 10. Be3 Qxb3 11. axb3 0-0 12. Nd4 Nxd4 13. Bxd4 a6 14. e4 Bg6 15. exd5 Nxd5 16. Nxd5 exd5 17. Rfe1 Bb4 18. Bc3 Bxc3 19. bxc3 Rac8 20. c4 dxc4 21. dxc4 Rc7 22. Bd5 Rd8 23. Ra4 Kf8 24. Rb4 Rdd7 25. Rb6 Bf5 26. Kg2 h5 27. h4 Bc2 28. Kg1 Bd3 29. Bf3 g6 30. Bd5 Bc2 31. f3 Bf5 32. Kf2 Bc2 33. g4 hxg4 34. fxg4 Kg7 35. Re8 a5 36. Ra8 Bd1 37. Rxa5 Re7 38. Rab5 Bxg4 39. Rxb7 Bc8 40. Rxc7 Rxc7 41. Rb6 Ra7 42. b4 Ra2+ 43. Ke3 Rh2 44. Rb8 Rh3+ 45. Kf2 Be6 46. Bxe6 fxe6 47. b5 Rxh4 48. c5 Kf7 49. b6 Rc4 50. b7 Rxc5 51. Rh8 1-0

[Event "EU-Cup 31st"]
[Site "Skopje"]
[Date "2015.10.18"]
[Round "1.2"]
[White "Wiwe, Andreas"]
[Black "Renet, Olivier"]
[Result "1/2-1/2"]
[WhiteElo "2276"]
[BlackElo "2535"]
[PlyCount "45"]
[EventDate "2015.10.18"]
[EventType "team-swiss"]
[EventRounds "7"]
[EventCountry "MKD"]
[SourceTitle "CBM 169"]
[Source "ChessBase"]
[SourceDate "2015.11.10"]
[SourceVersion "1"]
[SourceVersionDate "2015.11.10"]
[SourceQuality "1"]
[WhiteTeam "Jetsmark"]
[BlackTeam "Riehen"]
[WhiteTeamCountry "DEN"]
[BlackTeamCountry "SUI"]

1. d4 Nf6 2. c4 e6 3. g3 c5 4. Nf3 cxd4 5. Nxd4 Nc6 6. Bg2 Bc5 7. Nxc6 bxc6 8. 0-0 0-0 9. Nc3 d5 10. b3 Ba6 11. Qc2 Qe7 12. Bb2 Rac8 13. Na4 Bd6 14. Rfd1 Rfd8 15. Rac1 h6 16. e3 Bb4 17. h3 Bb7 18. Qe2 Ba6 19. Qc2 Rd7 20. Be5 Ba3 21. Rb1 Bb4 22. Rbc1 Rdd8 23. Bb2 1/2-1/2

[Event "DEN-chT 1415 53rd"]
[Site "Denmark"]
[Date "2015.03.07"]
[Round "8.4"]
[White "Wiwe, Andreas"]
[Black "Kristensen, Kaare Hove"]
[Result "0-1"]
[WhiteElo "2301"]
[BlackElo "2335"]
[PlyCount "108"]
[EventDate "2014.10.25"]
[EventType "team-tourn"]
[EventRounds "9"]
[EventCountry "DEN"]
[SourceTitle "EXT 2016"]
[Source "ChessBase"]
[SourceDate "2015.10.08"]
[SourceVersion "1"]
[SourceVersionDate "2015.10.08"]
[SourceQuality "1"]
[WhiteTeam "Jetsmark"]
[BlackTeam "Nordkalotten"]
[WhiteTeamCountry "DEN"]
[BlackTeamCountry "DEN"]

1. e4 c5 2. Nf3 d6 3. d4 cxd4 4. Nxd4 Nf6 5. Nc3 a6 6. Be3 e5 7. Nb3 Be6 8. f3 Be7 9. Qd2 0-0 10. 0-0-0 Nbd7 11. g4 b5 12. g5 b4 13. Ne2 Ne8 14. f4 a5 15. f5 Bxb3 16. cxb3 a4 17. Kb1 axb3 18. Nc1 Nc5 19. Bxc5 bxa2+ 20. Nxa2 dxc5 21. Qc1 Qa5 22. Bc4 Nd6 23. Rxd6 Bxd6 24. g6 Kh8 25. gxf7 Be7 26. Rd1 Qa4 27. Qc2 Qxc2+ 28. Kxc2 Rad8 29. Nc1 Rxd1 30. Kxd1 g6 31. fxg6 hxg6 32. Nd3 Bd6 33. Ke2 Kg7 34. Nf2 Kf6 35. Kf3 Ra8 36. Ng4+ Kg7 37. Ne3 Ra1 38. Bd5 Rh1 39. Kg2 Rb1 40. b3 Rc1 41. Kf2 Be7 42. Nc4 Rc2+ 43. Kg1 Kf6 44. Nb6 Kg5 45. Be6 Re2 46. Nd7 Rxe4 47. f8Q Bxf8 48. Nxf8 c4 49. Bd5 Rg4+ 50. Kh1 c3 51. Ne6+ Kh6 52. Bf3 c2 53. Bxg4 c1Q+ 54. Kg2 Qb2+ 0-1

[Event "DEN-chT 1415 53rd"]
[Site "Denmark"]
[Date "2015.01.11"]
[Round "5.3"]
[White "Hansen, Lars"]
[Black "Wiwe, Andreas"]
[Result "0-1"]
[WhiteElo "2273"]
[BlackElo "2301"]
[PlyCount "188"]
[EventDate "2014.10.25"]
[EventType "team-tourn"]
[EventRounds "9"]
[EventCountry "DEN"]
[SourceTitle "EXT 2016"]
[Source "ChessBase"]
[SourceDate "2015.10.08"]
[SourceVersion "1"]
[SourceVersionDate "2015.10.08"]
[SourceQuality "1"]
[WhiteTeam "Copenhagen 68"]
[BlackTeam "Jetsmark"]
[WhiteTeamCountry "DEN"]
[BlackTeamCountry "DEN"]

1. e4 c5 2. Nc3 d6 3. f4 g6 4. Nf3 Bg7 5. Bb5+ Bd7 6. Bc4 Nc6 7. 0-0 Na5 8. Be2 Nf6 9. d3 Nc6 10. Qe1 Nd4 11. Bd1 Bc6 12. Qh4 Nd7 13. Be3 e6 14. Qf2 Qb6 15. Rb1 0-0 16. Nd2 Qc7 17. Nf3 Qb6 18. Nd2 a5 19. Ne2 f5 20. c3 Nxe2+ 21. Bxe2 Qc7 22. Bf3 b6 23. exf5 exf5 24. Bxc6 Qxc6 25. Nf3 Nf6 26. Qc2 Rae8 27. Rbe1 Nd5 28. Bd2 Bh6 29. g3 Bg7 30. Ng5 Bf6 31. Nf3 Rxe1 32. Nxe1 Re8 33. Kf2 Kg7 34. Nf3 c4 35. Re1 Qc5+ 36. d4 Qc6 37. Rxe8 Qxe8 38. b3 Qc6 39. bxc4 Qxc4 40. Qb3 b5 41. Qxc4 bxc4 42. Ke2 Kf7 43. Ne1 Ke6 44. Nc2 h5 45. Ne3 Nb6 46. Bc1 h4 47. Ba3 hxg3 48. hxg3 Bg7 49. Bc1 d5 50. Ng2 Nd7 51. Nh4 Nf6 52. Nxg6 Ne4 53. Bd2 Nxg3+ 54. Kf3 Ne4 55. Be1 a4 56. Ke3 Nd6 57. Ne5 Nb5 58. Nf3 Bf6 59. Kd2 Be7 60. Bh4 Ba3 61. Kc2 Nd6 62. Ng5+ Kd7 63. Nf3 Ne4 64. Ne5+ Ke6 65. Nf3 Bd6 66. Ne5 Bc7 67. Be1 Bd8 68. Nc6 Bb6 69. Kb2 Bc7 70. Ne5 Bd6 71. Bh4 Bf8 72. Nf3 Bh6 73. Bg5 Bxg5 74. fxg5 f4 75. g6 Kf6 76. Ne5 Ng5 77. Ka3 Ne4 78. Kb4 Kg7 79. a3 Kf6 80. Kxa4 Nxc3+ 81. Kb4 Na2+ 82. Ka4 Kg7 83. Kb5 c3 84. a4 c2 85. Nd3 f3 86. a5 c1Q 87. Nxc1 Nxc1 88. a6 f2 89. a7 f1Q+ 90. Kb6 Qf8 91. Kb7 Nb3 92. a8Q Qxa8+ 93. Kxa8 Nxd4 94. Kb7 Nf3 0-1

[Event "DEN-chT 1415 53rd"]
[Site "Denmark"]
[Date "2015.01.10"]
[Round "4.3"]
[White "Wiwe, Andreas"]
[Black "Percivaldi, Martin"]
[Result "1/2-1/2"]
[WhiteElo "2288"]
[BlackElo "2310"]
[PlyCount "79"]
[EventDate "2014.10.25"]
[EventType "team-tourn"]
[EventRounds "9"]
[EventCountry "DEN"]
[SourceTitle "EXT 2016"]
[Source "ChessBase"]
[SourceDate "2015.10.08"]
[SourceVersion "1"]
[SourceVersionDate "2015.10.08"]
[SourceQuality "1"]
[WhiteTeam "Jetsmark"]
[BlackTeam "Hillerod"]
[WhiteTeamCountry "DEN"]
[BlackTeamCountry "DEN"]

1. d4 d5 2. Nf3 Nf6 3. c4 c6 4. g3 a6 5. Bg2 b5 6. cxd5 cxd5 7. 0-0 e6 8. a4 b4 9. Nbd2 Be7 10. Ne5 Bb7 11. Nb3 Nbd7 12. Nd3 a5 13. Bg5 Qb6 14. Rc1 Bc6 15. Nbc5 Nxc5 16. Nxc5 h6 17. Bxf6 Bxf6 18. f4 0-0 19. e3 Be7 20. b3 Rfd8 21. Rf2 Be8 22. Bh3 Ra7 23. Nd3 Bd7 24. Rfc2 Rb8 25. Ne5 Qd8 26. Bf1 Bd6 27. Bd3 Be8 28. Qe2 Rc7 29. Rxc7 Bxc7 30. Nc6 Bxc6 31. Rxc6 Bd6 32. Qc2 Kf8 33. Kg2 Ke7 34. Bb5 g6 35. h3 h5 36. g4 hxg4 37. hxg4 Kf6 38. g5+ Kg7 39. Kg1 Kf8 40. Ba6 1/2-1/2

[Event "DEN-chT 1415 53rd"]
[Site "Denmark"]
[Date "2014.10.26"]
[Round "2.5"]
[White "Veng, Johny"]
[Black "Wiwe, Andreas"]
[Result "1-0"]
[WhiteElo "2281"]
[BlackElo "2301"]
[PlyCount "75"]
[EventDate "2014.10.25"]
[EventType "team-tourn"]
[EventRounds "9"]
[EventCountry "DEN"]
[SourceTitle "EXT 2016"]
[Source "ChessBase"]
[SourceDate "2015.10.08"]
[SourceVersion "1"]
[SourceVersionDate "2015.10.08"]
[SourceQuality "1"]
[WhiteTeam "Nordre"]
[BlackTeam "Jetsmark"]
[WhiteTeamCountry "DEN"]
[BlackTeamCountry "DEN"]

1. c4 e5 2. g3 Nc6 3. Bg2 Bc5 4. Nc3 a6 5. Nf3 d6 6. d3 Nf6 7. 0-0 h6 8. a3 0-0 9. b4 Ba7 10. Bb2 Be6 11. Rc1 Qd7 12. e3 Rad8 13. Re1 Ne7 14. c5 Ng6 15. Ne4 Nxe4 16. dxe4 dxc5 17. Qxd7 Bxd7 18. Nxe5 Nxe5 19. Bxe5 Bc6 20. bxc5 Rd3 21. Bxc7 Rxa3 22. Bd6 Rc8 23. Bh3 Re8 24. e5 Ra4 25. Red1 Ra5 26. Ra1 Rxc5 27. Bxc5 Bxc5 28. Bd7 Bxd7 29. Rxd7 Rb8 30. Rc1 b6 31. Ra7 a5 32. Rd1 Bf8 33. f4 g6 34. Kf2 h5 35. Kf3 Rc8 36. Rdd7 Re8 37. Rxf7 a4 38. Rfb7 1-0

[Event "DEN-chT 1415 53rd"]
[Site "Denmark"]
[Date "2014.10.25"]
[Round "1.5"]
[White "Wiwe, Andreas"]
[Black "Lindestrom, Torsten"]
[Result "1/2-1/2"]
[WhiteElo "2301"]
[BlackElo "2224"]
[PlyCount "83"]
[EventDate "2014.10.25"]
[EventType "team-tourn"]
[EventRounds "9"]
[EventCountry "DEN"]
[SourceTitle "EXT 2016"]
[Source "ChessBase"]
[SourceDate "2015.10.08"]
[SourceVersion "1"]
[SourceVersionDate "2015.10.08"]
[SourceQuality "1"]
[WhiteTeam "Jetsmark"]
[BlackTeam "Esbjerg"]
[WhiteTeamCountry "DEN"]
[BlackTeamCountry "DEN"]

1. e4 d5 2. exd5 Qxd5 3. Nc3 Qa5 4. d4 c6 5. Bc4 Bf5 6. Qe2 Nf6 7. Bd2 Qc7 8. Nf3 e6 9. 0-0-0 Bb4 10. Kb1 Bxc3 11. Bxc3 Nbd7 12. Ne5 Nxe5 13. dxe5 Nd5 14. Bxd5 cxd5 15. Bb4 Rc8 16. Rc1 Qc4 17. Qd2 Rc6 18. b3 Qb5 19. Kb2 a5 20. Ba3 f6 21. Rhd1 Rc8 22. g4 Be4 23. exf6 gxf6 24. f3 Bg6 25. f4 Be4 26. Qd4 Kf7 27. g5 Rhe8 28. c4 Qa6 29. Ka1 e5 30. fxe5 fxe5 31. Qf2+ Kg8 32. cxd5 a4 33. Rxc8 Rxc8 34. d6 axb3 35. d7 Rd8 36. Qb2 Qe6 37. Qxb3 Qxb3 38. axb3 Bc6 39. Bb2 e4 40. Bc1 Rxd7 41. Rf1 Rf7 42. Rxf7 1/2-1/2

[Event "DEN-chT 1314 52nd"]
[Site "Denmark"]
[Date "2014.01.26"]
[Round "6.5"]
[White "Wiwe, Andreas"]
[Black "Nielsen, Lars Aaes"]
[Result "1-0"]
[WhiteElo "2291"]
[BlackElo "2273"]
[PlyCount "109"]
[EventDate "2013.11.02"]
[EventType "team-tourn"]
[EventRounds "9"]
[EventCountry "DEN"]
[SourceTitle "EXT 2015"]
[Source "ChessBase"]
[SourceDate "2014.11.20"]
[SourceVersion "1"]
[SourceVersionDate "2014.11.20"]
[SourceQuality "1"]
[WhiteTeam "Jetsmark"]
[BlackTeam "Nordkalotten"]
[WhiteTeamCountry "DEN"]
[BlackTeamCountry "DEN"]

1. d4 e6 2. c4 b6 3. e4 Bb7 4. Bd3 Nc6 5. Ne2 Nb4 6. Nbc3 Nxd3+ 7. Qxd3 Ne7 8. 0-0 g6 9. d5 Bg7 10. Qh3 e5 11. Bh6 0-0 12. f4 d6 13. f5 Bxh6 14. Qxh6 f6 15. Rf3 Rf7 16. fxg6 hxg6 17. Rh3 Rg7 18. Rf1 Qf8 19. Qh8+ Kf7 20. Rxf6+ Kxf6 21. Rf3+ Nf5 22. Qh4+ Kf7 23. exf5 g5 24. Qh5+ Kg8 25. Ne4 g4 26. Rf2 Qf7 27. Qh4 Rf8 28. N2g3 Rh7 29. Qxg4+ Qg7 30. Ng5 Bc8 31. h3 Rh6 32. b3 a6 33. Ne6 Bxe6 34. dxe6 Qxg4 35. hxg4 Rb8 36. Ne4 b5 37. cxb5 axb5 38. g5 Rh4 39. Nc3 c6 40. f6 Rg4 41. Rf5 Kf8 42. Kh2 b4 43. Ne2 Re8 44. Kh3 Rxg5 45. Rxg5 Rxe6 46. Rf5 d5 47. Kg3 Kf7 48. Kf2 Re8 49. Ke3 c5 50. Kd3 Ke6 51. f7 Rf8 52. Rf1 Rxf7 53. Rxf7 Kxf7 54. Ng3 Kf6 55. Ne4+ 1-0

[Event "EU-Cup 29th"]
[Site "Rhodes"]
[Date "2013.10.26"]
[Round "7.4"]
[White "Wiwe, Andreas"]
[Black "Idrizaj, Abedin"]
[Result "1-0"]
[WhiteElo "2287"]
[BlackElo "2249"]
[PlyCount "69"]
[EventDate "2013.10.20"]
[EventType "team-swiss"]
[EventRounds "7"]
[EventCountry "GRE"]
[SourceTitle "CBM 157"]
[Source "ChessBase"]
[SourceDate "2013.11.12"]
[SourceVersion "1"]
[SourceVersionDate "2013.11.12"]
[SourceQuality "1"]
[WhiteTeam "Jetsmark"]
[BlackTeam "Istogu"]
[WhiteTeamCountry "DEN"]
[BlackTeamCountry "SRB"]

1. d4 Nf6 2. Nf3 e6 3. c4 d5 4. g3 Be7 5. Bg2 0-0 6. 0-0 b6 7. Nc3 Bb7 8. cxd5 exd5 9. Bf4 Nbd7 10. Rc1 c5 11. Qc2 a6 12. Rfd1 c4 13. Ne5 b5 14. b3 Qb6 15. Nxd7 Nxd7 16. Nxd5 cxb3 17. Nxe7+ Kh8 18. Qxb3 Bxg2 19. Kxg2 Nf6 20. Qf3 Qe6 21. Nc6 Qxa2 22. Nb4 Qa5 23. Nd3 Qb6 24. Ne5 Qe6 25. Rc6 Qd5 26. Qxd5 Nxd5 27. e4 Nf6 28. f3 a5 29. Rb6 b4 30. d5 Kg8 31. Nc6 Nd7 32. Rb5 a4 33. Rxb4 a3 34. Ra1 Rfe8 35. Rb3 1-0

[Event "EU-Cup 29th"]
[Site "Rhodes"]
[Date "2013.10.22"]
[Round "3.5"]
[White "Wiwe, Andreas"]
[Black "Harakis, Alexis"]
[Result "1-0"]
[WhiteElo "2287"]
[BlackElo "2239"]
[PlyCount "61"]
[EventDate "2013.10.20"]
[EventType "team-swiss"]
[EventRounds "7"]
[EventCountry "GRE"]
[SourceTitle "CBM 157"]
[Source "ChessBase"]
[SourceDate "2013.11.12"]
[SourceVersion "1"]
[SourceVersionDate "2013.11.12"]
[SourceQuality "1"]
[WhiteTeam "Jetsmark"]
[BlackTeam "Jutes of Kent"]
[WhiteTeamCountry "DEN"]
[BlackTeamCountry "ENG"]

1. e4 d6 2. d4 Nf6 3. Nc3 Nbd7 4. g4 h6 5. Bg2 e5 6. h3 c6 7. Nge2 Qc7 8. Be3 Be7 9. Qd2 b5 10. Ng3 Nb6 11. b3 g6 12. 0-0 h5 13. g5 Nfd7 14. f4 Ba6 15. h4 0-0-0 16. fxe5 dxe5 17. d5 b4 18. Rxf7 bxc3 19. Qxc3 Rhe8 20. dxc6 Nc5 21. Rxe7 Rxe7 22. Qxc5 Kb8 23. Bf1 Bc8 24. a4 Bg4 25. a5 Nc8 26. Ra4 Ka8 27. Rb4 Nd6 28. Rb7 Qxb7 29. cxb7+ Rxb7 30. Qd5 Nf7 31. a6 1-0

[Event "DEN-chT 1213"]
[Site "Denmark"]
[Date "2013.02.17"]
[Round "7.5"]
[White "Wiwe, Andreas"]
[Black "Pedersen, Finn"]
[Result "1-0"]
[WhiteElo "2272"]
[BlackElo "2291"]
[PlyCount "73"]
[EventDate "2012.10.27"]
[EventType "team-tourn"]
[EventRounds "9"]
[EventCountry "DEN"]
[SourceTitle "EXT 2014"]
[Source "ChessBase"]
[SourceDate "2013.11.20"]
[SourceVersion "1"]
[SourceVersionDate "2013.11.20"]
[SourceQuality "1"]
[WhiteTeam "Jetsmark"]
[BlackTeam "Aarhus/Skolerne"]
[WhiteTeamCountry "DEN"]
[BlackTeamCountry "DEN"]

1. e4 c6 2. d4 d5 3. Nc3 dxe4 4. Nxe4 Bf5 5. Ng3 Bg6 6. Nf3 Nd7 7. h4 h6 8. h5 Bh7 9. Bd3 Bxd3 10. Qxd3 e6 11. Bd2 Ngf6 12. 0-0-0 Be7 13. Qe2 0-0 14. Nf1 c5 15. g4 Nh7 16. Kb1 Bf6 17. Ng3 cxd4 18. Ne4 Be7 19. g5 hxg5 20. Rhg1 g4 21. Nxd4 Ndf6 22. Bc1 Qa5 23. f3 Rad8 24. fxg4 Rd5 25. Nb3 Qd8 26. Nc3 Rxd1 27. Rxd1 Qc8 28. g5 Ne8 29. g6 Ng5 30. gxf7+ Rxf7 31. Nd4 Nc7 32. Qg4 Nh7 33. h6 Bf6 34. Ne4 Bxd4 35. Nd6 Qf8 36. Nxf7 Bf6 37. Nd6 1-0

[Event "DEN-chT 1112 50th"]
[Site "Denmark"]
[Date "2011.10.29"]
[Round "1.7"]
[White "Wiwe, Andreas"]
[Black "Andreasen, Joan Hendrik"]
[Result "1/2-1/2"]
[WhiteElo "2273"]
[BlackElo "2256"]
[PlyCount "140"]
[EventDate "2011.10.29"]
[EventType "team-tourn"]
[EventRounds "9"]
[EventCountry "DEN"]
[SourceTitle "EXT 2012"]
[Source "ChessBase"]
[SourceDate "2011.11.24"]
[SourceVersion "1"]
[SourceVersionDate "2011.11.24"]
[SourceQuality "1"]
[WhiteTeam "Jetsmark"]
[BlackTeam "Valby K41"]
[WhiteTeamCountry "DEN"]
[BlackTeamCountry "DEN"]

1. e4 e6 2. d4 d5 3. Nc3 Nf6 4. e5 Nfd7 5. f4 c5 6. Nf3 Nc6 7. Be3 Be7 8. Qd2 0-0 9. Qf2 f6 10. exf6 Nxf6 11. Qd2 Ne4 12. Nxe4 dxe4 13. Ne5 Nxd4 14. 0-0-0 Qc7 15. g3 Nc6 16. Nxc6 Qxc6 17. Qc3 b5 18. Bh3 c4 19. Qe5 Bf6 20. Rd6 Qc7 21. Bxe6+ Kh8 22. Qc5 Qa5 23. Bxc4 Be7 24. Bd5 Rb8 25. Bd2 Bxd6 26. Qxd6 Qd8 27. Bb4 Bb7 28. Bxb7 Rf7 29. Bxe4 Rd7 30. Qe5 a5 31. Bxa5 Qg8 32. Bc3 b4 33. Bd4 Re8 34. Qb5 Rxd4 35. Bd3 Qe6 36. Qh5 g6 37. Qf3 Qxa2 38. Qc6 Qe6 39. Qxe6 Rxe6 40. b3 Kg7 41. Kd2 Kf6 42. Ra1 Rc6 43. Ra7 h5 44. h4 Rdd6 45. Ra5 Rc3 46. Ke3 Re6+ 47. Kd2 Rd6 48. Rb5 Rd4 49. Rb6+ Kf7 50. Ke3 Rdxd3+ 51. cxd3 Rxb3 52. Kd4 Rb1 53. Ke5 Re1+ 54. Kd5 Rb1 55. Kc4 Rg1 56. Rxb4 Rxg3 57. Kd4 Rh3 58. Ke4 Rxh4 59. Ke5 Rh1 60. Rb7+ Ke8 61. Ke6 Re1+ 62. Kf6 Rf1 63. Kxg6 Rxf4 64. Kxh5 Rf3 65. Rb3 Rg3 66. Kh4 Rg1 67. Rb4 Ke7 68. Rg4 Rxg4+ 69. Kxg4 Ke6 70. Kf4 Kd5 1/2-1/2